Responses for show #4333 - Wednesday, June 4, 2003

Jim Stalley game 1.

Contestants

Nancy McIsaac, a substitute teacher from Golden, Colorado

Jim Stalley, a crime data specialist from Denver, Colorado

Warren Usui, a computer programmer from Pacific Palisades, California (whose 3-day cash winnings total $59,990)

Jeopardy! Round responses

THE 1970s
(Alex: That was a good decade!)
MUSEUMS
SHAKESPEAREAN CROSSWORD CLUES "M"
THERE'S NOTHING LIKE A DAME
FOR THE BIRDS
ANTONYMS
    $200 21
(Nancy: What is the Tet Offensive?)

Christmas bombings

WarrenNancy
    $200 16
(Nancy: Who is Klee?)

Vincent Van Gogh

WarrenNancy
    $200 1
Midsummer

Nancy
    $200 26
Diana Rigg

Warren
    $200 3
turkeys

Warren
    $200 7
innocent & guilty

Nancy
    $400 22
Coca-Cola

Warren
    $400 17
Metropolitan Museum of Art

Jim
    $400 2
Much

Jim
    $400 27
Maggie Smith

Warren
    $400 10
raven

Jim
    $400 8
love & hate

Triple Stumper
    $3,000 23
Lebanon

Warren
    $600 18
Eli Whitney

Nancy
    $600 4
Merchant

Nancy
    $600 28
Julie Andrews

Nancy
    $600 11
rook

Warren
    $600 9
affirmative & negative

Warren
    $800 24
(Alex: With less than a minute to go.)

"Zen and the Art of Motorcycle Maintenance"

Nancy
    $800 19
Martin Luther

Jim
    $800 5
Mab

Nancy
    $800 29
[buzzer sounds to end round]

Nellie Melba

Jim
    $800 12
kiwi

Warren
    $800 14
"Peaks and Valleys"

Triple Stumper
    $1000 25
Aldo Moro

Triple Stumper
    $1000 20
Casey Jones

Warren
    $1000 6
(Warren: Who is Macbeth?)
(Nancy: Who is Macduff?)

Malcolm

WarrenNancy
Triple Stumper
    $1000 13
goldfinch

Nancy
    $1000 15
last & first

Jim

Scores at the first commercial break (after clue 15):

Warren Jim Nancy
$1,200 $1,800 $1,800

Scores at the end of the Jeopardy! Round:

Warren Jim Nancy
$6,600 $3,800 $3,400

Double Jeopardy! Round responses

AN AMERICAN IN PARIS
COMMITTEES
OH, GOOD GODDARD!
MOVIE TITLE PAIRS
TURNING IN THEIR GRAVES
FIND THE STATE
    $400 1
the check

Warren
    $400 16
the Red Cross

Warren
    $400 21
Charles Lindbergh

Warren
    $400 22
Bonnie and Clyde

Nancy
    $400 11
George Washington

Nancy
    $400 6
Oregon

Jim
    $800 2
the key

Nancy
    $800 17
(Warren: Who are Jews?)

Journalists

Warren
Triple Stumper
    $800 27
Jules Verne

Warren
    $800 23
Butch Cassidy and the Sundance Kid

Nancy
    $800 12
(Nancy: Who is St. Peter?)

Joseph Stalin

Nancy
Triple Stumper
    $800 7
Colorado

Warren
    $1200 3
antenna/tower/radio tower

Warren
    $2,000 18
Greenpeace

Warren
    $1200 30
bazooka

Warren
    $1200 24
Batman & Robin

Warren
    $1200 13
Wolfgang Amadeus Mozart

Jim
    $1200 8
Iowa

Triple Stumper
    $1600 4
Pablo Picasso

Warren
    $1600 19
United States OIympic Committee

Jim
    $1600 29
Roswell

Warren
    $1600 25
Robin and Marian

Jim
    $1600 14
Chicago

Nancy
    $8,600 9
(Warren: What... is...)

Utah

Warren
    $2000 5
(Nancy: What is the Tower?)
(Warren: What is La Tour Eiffel?)

La Tour d'Argent

WarrenNancy
Triple Stumper
    $2000 20
Appropriations

Nancy
    $2000 28
vacuum

Jim
    $2000 26
Sid and Nancy

Triple Stumper
    $2000 15
Crazy Horse

Triple Stumper
    $2000 10
Georgia

Nancy

Scores at the end of the Double Jeopardy! Round:

Warren Jim Nancy
$6,800 $10,600 $8,600

[wagering suggestions for these scores]

Final Jeopardy! Round responses

MAP READING
WarrenWhat is 90 degrees South?
$6,798
NancyWhat is 180 degrees S?
$5,001
JimWhat is 90 degrees South?
$7,300
90 degrees south

Final scores:

Warren Jim Nancy
$13,598 $17,900 $3,599
2nd place: $2,000 New champion: $17,900 3rd place: $1,000

Game dynamics:

Coryat scores:

Warren Jim Nancy
$12,200 $10,600 $8,600
22 R
(including 2 DDs),
4 W
(including 1 DD)
11 R,
0 W
15 R,
5 W

Combined Coryat: $31,400

The J! Archive is created by fans, for fans. The Jeopardy! game show and all elements thereof, including but not limited to copyright and trademark thereto, are the property of Jeopardy Productions, Inc. and are protected under law. This website is not affiliated with, sponsored by, or operated by Jeopardy Productions, Inc. Join the discussion at JBoard.tv.